Southville International School and Colleges
Your cart is empty.
  • Cart
  • Lists
    Public lists Eva Luna New books Lux_list list_1
    Your lists Log in to create your own lists
  • Log in to your account
  • Your cookies
  • Search history
Southville International School and Colleges
  • Advanced search
  • Recent comments
  • Most popular
  • Libraries

Log in to your account

Log in with GOOGLE


If you do not have an external account, but do have a local account, you can still log in:

  1. Home
  2. MARC view: Cost accounting planning and control /
Normal view MARC view ISBD view

Cost accounting planning and control / (Record no. 357209)

[ view plain ]
MARC details
000 -LEADER
fixed length control field 00670nam a2200241Ia 4500
008 - FIXED-LENGTH DATA ELEMENTS--GENERAL INFORMATION
fixed length control field 180523s9999 xx 000 0 und d
020 ## - INTERNATIONAL STANDARD BOOK NUMBER
International Standard Book Number 971-587-001-5
050 ## - LIBRARY OF CONGRESS CALL NUMBER
Classification number MAIN HF 5686.C8
050 ## - LIBRARY OF CONGRESS CALL NUMBER
Item number .M38 1990
100 ## - MAIN ENTRY--PERSONAL NAME
Personal name Matz, Adolph.
245 #0 - TITLE STATEMENT
Title Cost accounting planning and control /
245 #0 - TITLE STATEMENT
Statement of responsibility, etc Adolph Matz, Milton F. Usry, Estela P. Macuja.
250 ## - EDITION STATEMENT
Edition statement 2nd Philippine Edition
260 ## - PUBLICATION, DISTRIBUTION, ETC. (IMPRINT)
Place of publication, distribution, etc Kalookan City:
260 ## - PUBLICATION, DISTRIBUTION, ETC. (IMPRINT)
Name of publisher, distributor, etc Philippine Graphic Arts,
260 ## - PUBLICATION, DISTRIBUTION, ETC. (IMPRINT)
Date of publication, distribution, etc 1990
300 ## - PHYSICAL DESCRIPTION
Extent 557 pages :
300 ## - PHYSICAL DESCRIPTION
Other physical details illustrations ;
300 ## - PHYSICAL DESCRIPTION
Dimensions 23 cm.
440 ## - SERIES STATEMENT/ADDED ENTRY--TITLE
Volume number/sequential designation v.1
650 ## - SUBJECT ADDED ENTRY--TOPICAL TERM
Topical term or geographic name as entry element Cost accounting.
650 ## - SUBJECT ADDED ENTRY--TOPICAL TERM
General subdivision Cost accounting -- Study and teaching.
Holdings
Withdrawn status Lost status Damaged status Home library Current library Shelving location Date acquired Total Checkouts Full call number Barcode Date last seen Price effective from Koha item type
      South Mansfield College South Mansfield College       MAIN HF 5686.C8 .M38 1990 SMC00094 05/23/2018 05/23/2018  

Cost accounting planning and control /

APA

Matz A., .Cost accounting planning and control. Kalookan City: .

Chicago

Matz Adolph, .Cost accounting planning and control. Kalookan City: .

Harvard

Matz A., .Cost accounting planning and control. Kalookan City: .

MLA

Matz Adolph, .Kalookan City: . .

  • Place hold
  • Print
  • Cite
  • Add to your cart (remove)
  • Save record
    BIBTEX Dublin Core MARCXML MARC (non-Unicode/MARC-8) MARC (Unicode/UTF-8) MARC (Unicode/UTF-8, Standard) MODS (XML) RIS
  • More searches
    Search for this title in:
    Other Libraries (WorldCat) Other Databases (Google Scholar) Online Stores (Bookfinder.com) Open Library (openlibrary.org)

Exporting to Dublin Core...

SOUTHVILLE LIBRARY

Southville International School and Colleges Library

1281 Tropical Ave. Cor. Luxembourg St., BF Homes International, Las Pinas City

Tel. No. 8256374 / 252358 Loc. 117/146

Powered by Koha